000 00878aam a2200313 i 4500
001 768714001
003 CO-MdFUSB
005 20250829123257.0
007 ta
008 250829t1980 sp |||| |||| 00| 0 spa d
020 _a84-7228-565-0
040 _cCO-MdFUSB
041 0 _aspa
082 0 4 _223
_a249
_bB765f
100 1 _aBounds, Edward M. (McKendree) (1835-1913)
_eautor
245 1 4 _aLos fundamentos de la oración
_c/ E. M. Bounds ; traducido por Xavier Vila
264 1 _bClie,
_aTerrassa, Barcelona, España :
_c[1980]
264 4 _c©1980
300 _a131 páginas
336 _atexto
_btxt
_2rdacontent
337 _2rdamedia
_asin mediación
_bn
338 _2rdacarrier
_avolumen
_bnc
563 _aRústico
650 7 _aOración
_986
650 0 _aVida cristiana
_919
700 _aVila, Xavier.
_92156
_etraductor
942 _cBK
945 _aJTF-925
999 _c36282
_d36282